Documentos de Estudio. Realidad Centroaméricana. Militarismo y sociedad

Guardado en:
Bibliografiske detaljer
Format: Texto
Udgivet: s.l: s.e
Udgivelse:0
Tags: Tilføj Tag
Ingen Tags, Vær først til at tagge denne postø!

MARC

LEADER 00000 a a2200000 04500
001 25308
003
040
090 |a 150011  
245 |a Documentos de Estudio. Realidad Centroaméricana. Militarismo y sociedad  
250 |a 0  
260 |a s.l:   |b s.e  
300 |a pag. cortada  
999 |c 6709  |d 6709